00657nam a2200229 a 4500001001300000003000900013005001700022008004100039020002300080082001300103100001800116245001700134260003800151300000900189500003500198650001500233700001800248902000800266942000700274952012900281999001700410nice12345678IN_TiNIC20260116014711.0111213s1992 lona grp 000 0 eng  a9780753818923c29500a823bWAL aWalker, Alice aColor Purple aLondon bPhoenix Paperback c1992 a262p aincludes index and biblioraphy aLiterature1 aWalker, Alice bSRS cBK 001040708StackRoom-aHMIbHMId2013-09-04g295.00l1m1o823 WALp023738r2022-11-09s2022-10-11v295.00w2011-12-13yBK c16522d16522